000 00215nam a22001097a 4500
999 _c533620
_d533620
040 _cdlc
082 _a823.914
100 _aGeorge Macdonald
_927575
245 _aThe Reavers
300 _a250p
942 _2ddc
_cBK